000 00365nam a22001577a 4500
005 20260413124423.0
008 160511b xxu||||| |||| 00| 0 eng d
020 _a978-0-0728228-9
041 _aeng
082 _a823.912
100 _aChristie Agatha
_9481
245 _aThe moving finger
260 _bHarper Publisher
_c2002
650 _aManagement
942 _cBK
999 _c595
_d595